000 00765nam a2200253 a 4500
001 55286
003 BD-RjUL
005 20211209080237.0
008 161115s1996 enkab b 001 0 eng
020 _a0415106729 (cloth)
020 _a0415106737 (pbk.0)
035 _a(BD-RjUL)55408
040 _aDLC
_cDLC
_dBD-RjUL
_beng
041 _aeng
082 0 0 _a330.91724
_223
_bGEO 1996
245 0 2 _aA geography of the third world /
_cJohn Dickenson ... [et al.].
250 _a2nd ed.
260 _aLondon :
_bRoutledge,
_c1996.
300 _axii, 344 p. :
_bill. ;
_c26 cm.
504 _aIncludes bibliographical references and index.
651 0 _aDeveloping countries
_xEconomic conditions.
_9164716
700 1 _aDickenson, John P.
_9164717
942 _2ddc
_cBK
999 _c55286
_d55286